000 00399nam a22001697a 4500
005 20160519152614.0
008 160519b xxu||||| |||| 00| 0 eng d
020 _a978-81-7709-232-5
041 _aeng
082 _b3303
100 _aVerma H.C.
_9816
245 _aConcepts of Physics
260 _bBharti Bhawan Pub.
_c1993
300 _a466
650 _aDIPLOMA ENGINEERING
_9817
942 _cBK
999 _c1124
_d1124